Habitus furibundo en el gueto estadounidense /
Salvato in:
| Autore principale: | |
|---|---|
| Altri autori: | , , |
| Natura: | testo |
| Tags: |
Aggiungi Tag
Nessun Tag, puoi essere il primo ad aggiungerne!!
|
MARC
| LEADER | 00000 a a2200000 04500 | ||
|---|---|---|---|
| 001 | 46993 | ||
| 003 | |||
| 040 | |||
| 100 | |a Bourgois, Philippe | ||
| 245 | |a Habitus furibundo en el gueto estadounidense / |c Philippe Bourgois, Fernando Montero Castrillo, Laurie Hart, George Karandinos | ||
| 700 | |a Montero Castrillo, Fernando | ||
| 700 | |a Hart, Laurie | ||
| 700 | |a Karandinos, George | ||
| 773 | |g volumen22, número2, (2013), páginas 201-220 : gráfico, mapa, fotos | ||
| 999 | |c 39008 |d 39008 | ||
